Dictionary of the Old Testament : (Record no. 8182)
[ view plain ]
| 000 -LEADER | |
|---|---|
| fixed length control field | 01142cam a2200313 a 4500 |
| 001 - CONTROL NUMBER | |
| control field | 17178414 |
| 003 - CONTROL NUMBER IDENTIFIER | |
| control field | GBCCL |
| 005 - DATE AND TIME OF LATEST TRANSACTION | |
| control field | 20241126110645.0 |
| 008 - FIXED-LENGTH DATA ELEMENTS--GENERAL INFORMATION | |
| fixed length control field | 120223s2012 ilu bd 001 0 eng |
| 010 ## - | |
| -- | 2012005240 |
| 020 ## - INTERNATIONAL STANDARD BOOK NUMBER | |
| International Standard Book Number | 9780830817849 (USA hardcover : alk. paper) |
| 020 ## - INTERNATIONAL STANDARD BOOK NUMBER | |
| International Standard Book Number | 9781844745814 (UK hardcover : alk. paper) |
| 040 ## - CATALOGING SOURCE | |
| Original cataloging agency | DLC |
| Transcribing agency | DLC |
| Modifying agency | DLC |
| 042 ## - | |
| -- | pcc |
| 050 00 - | |
| -- | BS1505.55 |
| -- | .D53 2012 |
| 082 00 - DEWEY DECIMAL CLASSIFICATION NUMBER | |
| Classification number | 224.03 |
| Edition information | 23 |
| Item number | DIC |
| 245 00 - TITLE STATEMENT | |
| Title | Dictionary of the Old Testament : |
| Remainder of title | prophets / |
| Statement of responsibility, etc. | editors, Mark J. Boda, J. Gordon McConville. |
| 260 ## - PUBLICATION, DISTRIBUTION, ETC. | |
| Place of publication, distribution, etc. | Downers Grove, Ill. : |
| Name of publisher, distributor, etc. | IVP Academic, |
| Date of publication, distribution, etc. | c2012. |
| 300 ## - PHYSICAL DESCRIPTION | |
| Extent | xxvi, 966 p. ; |
| Dimensions | 26 cm. |
| 504 ## - BIBLIOGRAPHY, ETC. NOTE | |
| Bibliography, etc. note | Includes bibliographical references and indexes. |
| 630 00 - SUBJECT ADDED ENTRY--UNIFORM TITLE | |
| Uniform title | Bible. |
| Name of part/section of a work | Prophets |
| Form subdivision | Dictionaries. |
| 9 (RLIN) | 14244 |
| 630 00 - SUBJECT ADDED ENTRY--UNIFORM TITLE | |
| Uniform title | Bible. |
| Name of part/section of a work | Old Testament |
| Form subdivision | Dictionaries. |
| 9 (RLIN) | 14245 |
| 650 #0 - SUBJECT ADDED ENTRY--TOPICAL TERM | |
| Topical term or geographic name entry element | Prophets |
| Form subdivision | Dictionaries. |
| 9 (RLIN) | 14246 |
| 700 1# - ADDED ENTRY--PERSONAL NAME | |
| Personal name | Boda, Mark J. |
| 9 (RLIN) | 14247 |
| 700 1# - ADDED ENTRY--PERSONAL NAME | |
| Personal name | McConville, J. G. |
| Fuller form of name | (J. Gordon) |
| 9 (RLIN) | 14248 |
| 906 ## - LOCAL DATA ELEMENT F, LDF (RLIN) | |
| a | 7 |
| b | cbc |
| c | orignew |
| d | 1 |
| e | ecip |
| f | 20 |
| g | y-gencatlg |
| 942 ## - ADDED ENTRY ELEMENTS (KOHA) | |
| Source of classification or shelving scheme | Dewey Decimal Classification |
| Koha item type | Reference Books |
| Withdrawn status | Lost status | Source of classification or shelving scheme | Damaged status | Not for loan | Collection | Home library | Current Library | Shelving location | Date acquired | Total checkouts | Full call number | Barcode | Date last seen | Copy number | Price effective from | Koha item type |
|---|---|---|---|---|---|---|---|---|---|---|---|---|---|---|---|---|
| Dewey Decimal Classification | Biblical Studies | GRACE BIBLE COLLEGE | GRACE BIBLE COLLEGE | Dictionary | 2019-07-08 | 224.03 DIC | 020064 | 2025-05-01 | c.1 | 2019-07-08 | Reference Books | |||||
| Dewey Decimal Classification | GRACE BIBLE COLLEGE | GRACE BIBLE COLLEGE | Dictionary | 2022-01-17 | 224.03 DIC | 015383 | 2025-05-01 | c.2 | 2022-01-17 | Reference Books | ||||||
| Dewey Decimal Classification | GRACE BIBLE COLLEGE | GRACE BIBLE COLLEGE | Dictionary | 2024-12-09 | 224.03 DIC | 020883 | 2025-05-01 | c.3 | 2024-12-09 | Reference Books |